The Neolithic of the middle Nile Region (Record no. 7710)
[ view plain ]
| 000 -LEADER | |
|---|---|
| fixed length control field | 00582nam a22001937a 4500 |
| 003 - CONTROL NUMBER IDENTIFIER | |
| control field | OSt |
| 005 - DATE AND TIME OF LATEST TRANSACTION | |
| control field | 20220218142123.0 |
| 008 - FIXED-LENGTH DATA ELEMENTS--GENERAL INFORMATION | |
| fixed length control field | 220218b ||||| |||| 00| 0 eng d |
| 020 ## - INTERNATIONAL STANDARD BOOK NUMBER | |
| International Standard Book Number | 9789970250004 |
| 040 ## - CATALOGING SOURCE | |
| Transcribing agency | DDC |
| 082 ## - DEWEY DECIMAL CLASSIFICATION NUMBER | |
| Classification number | 931.93 SAD 2010 |
| 100 ## - MAIN ENTRY--PERSONAL NAME | |
| Personal name | Sadig,Azhari Mustafa |
| 9 (RLIN) | 13991 |
| 245 ## - TITLE STATEMENT | |
| Title | The Neolithic of the middle Nile Region |
| Remainder of title | : an archaeology of Central Sudan and Nubia |
| 260 ## - PUBLICATION, DISTRIBUTION, ETC. (IMPRINT) | |
| Place of publication, distribution, etc. | Uganda |
| Name of publisher, distributor, etc. | : Fountain publishers |
| Date of publication, distribution, etc. | , C 2010 |
| 300 ## - PHYSICAL DESCRIPTION | |
| Extent | xvii,244p. |
| Other physical details | : ill. |
| Dimensions | ; 25 cm |
| 504 ## - BIBLIOGRAPHY, ETC. NOTE | |
| Bibliography, etc | Bibliography<br/>Index |
| 650 ## - SUBJECT ADDED ENTRY--TOPICAL TERM | |
| Topical term or geographic name as entry element | Archaeology Nubia |
| 9 (RLIN) | 15745 |
| 942 ## - ADDED ENTRY ELEMENTS (KOHA) | |
| Source of classification or shelving scheme | Dewey Decimal Classification |
| Koha item type | Book |
| Withdrawn status | Lost status | Source of classification or shelving scheme | Damaged status | Not for loan | Home library | Current library | Date acquired | Source of acquisition | Inventory number | Total Checkouts | Full call number | Barcode | Date last seen | Price effective from | Koha item type |
|---|---|---|---|---|---|---|---|---|---|---|---|---|---|---|---|
| Dewey Decimal Classification | Faculty of Interdisciplinary Studies Library | Faculty of Interdisciplinary Studies Library | 18/02/2022 | Purchase | 14/4684 | 931.93 SAD 2010 | 2022-0232 | 18/02/2022 | 18/02/2022 | Book | |||||
| Dewey Decimal Classification | Faculty of Interdisciplinary Studies Library | Faculty of Interdisciplinary Studies Library | 18/02/2022 | Purchase | 14/4681 | 931.93 SAD 2010 | 2022-0233 | 18/02/2022 | 18/02/2022 | Book | |||||
| Dewey Decimal Classification | Faculty of Interdisciplinary Studies Library | Faculty of Interdisciplinary Studies Library | 18/02/2022 | Purchase | 14/4685 | 931.93 SAD 2010 | 2022-0234 | 18/02/2022 | 18/02/2022 | Book | |||||
| Dewey Decimal Classification | Faculty of Interdisciplinary Studies Library | Faculty of Interdisciplinary Studies Library | 18/02/2022 | Purchase | 14/4682 | 931.93 SAD 2010 | 2022-0235 | 18/02/2022 | 18/02/2022 | Book | |||||
| Dewey Decimal Classification | Faculty of Interdisciplinary Studies Library | Faculty of Interdisciplinary Studies Library | 18/02/2022 | Purchase | 14/4683 | 931.93 SAD 2010 | 2022-0236 | 18/02/2022 | 18/02/2022 | Book | |||||
| Dewey Decimal Classification | Faculty of Interdisciplinary Studies Library | Faculty of Interdisciplinary Studies Library | 18/02/2022 | Purchase | 14/4686 | 931.93 SAD 2010 | 2022-0237 | 18/02/2022 | 18/02/2022 | Book |
